Veda a vzdelávanie na podporu vzdelanostnej spoločnosti zborník III. medzinárodnej vedeckej konferencie Univerzity J. Selyeho : Komárno, 5.-6. september 2011

Gespeichert in:
Bibliographische Detailangaben
Körperschaft: Veda a vzdelávanie na podporu vzdelanostnej spoločnosti. Medzinárodná vedecká konferencia
Weitere Verfasser: Nagy, Melinda, Partová, Edita, Molnár, János
Format: Buch
Sprache:Slowakisch
Ungarisch
Englisch
Veröffentlicht: Komárno Univerzita J. Selyeho v Komárne 2011
Schlagworte:
Tags: Tag hinzufügen
Keine Tags, Fügen Sie das erste Tag hinzu!

MARC

LEADER 00000nlm$a2200000$$$4500
001 0143011
005 20240104121441.0
020 |a 978-80-8122-017-3 
041 0 |a slo 
041 0 |a hun 
041 0 |a eng 
044 |a SK 
245 1 0 |a Veda a vzdelávanie na podporu vzdelanostnej spoločnosti  |b zborník III. medzinárodnej vedeckej konferencie Univerzity J. Selyeho : Komárno, 5.-6. september 2011  |c zostavovateľ Melinda Nagy 
264 1 |a Komárno  |b Univerzita J. Selyeho v Komárne  |c 2011 
300 |a CD-ROM 
610 2 0 |a spoločnosť vedomostná 
610 2 0 |a veda 
610 2 0 |a vzdelávanie 
700 1 |a Nagy, Melinda 
700 1 |a Partová, Edita 
700 1 |a Molnár, János 
110 2 |a Veda a vzdelávanie na podporu vzdelanostnej spoločnosti. Medzinárodná vedecká konferencia